|
|
|
|
| LEADER |
02942nam a22005415i 4500 |
| 001 |
978-3-319-46562-3 |
| 003 |
DE-He213 |
| 005 |
20160906142655.0 |
| 007 |
cr nn 008mamaa |
| 008 |
160906s2017 gw | s |||| 0|eng d |
| 020 |
|
|
|a 9783319465623
|9 978-3-319-46562-3
|
| 024 |
7 |
|
|a 10.1007/978-3-319-46562-3
|2 doi
|
| 040 |
|
|
|d GrThAP
|
| 050 |
|
4 |
|a Q342
|
| 072 |
|
7 |
|a UYQ
|2 bicssc
|
| 072 |
|
7 |
|a COM004000
|2 bisacsh
|
| 082 |
0 |
4 |
|a 006.3
|2 23
|
| 245 |
1 |
0 |
|a Advances in Computational Intelligence Systems
|h [electronic resource] :
|b Contributions Presented at the 16th UK Workshop on Computational Intelligence, September 7–9, 2016, Lancaster, UK /
|c edited by Plamen Angelov, Alexander Gegov, Chrisina Jayne, Qiang Shen.
|
| 264 |
|
1 |
|a Cham :
|b Springer International Publishing :
|b Imprint: Springer,
|c 2017.
|
| 300 |
|
|
|a IX, 508 p. 169 illus., 100 illus. in color.
|b online resource.
|
| 336 |
|
|
|a text
|b txt
|2 rdacontent
|
| 337 |
|
|
|a computer
|b c
|2 rdamedia
|
| 338 |
|
|
|a online resource
|b cr
|2 rdacarrier
|
| 347 |
|
|
|a text file
|b PDF
|2 rda
|
| 490 |
1 |
|
|a Advances in Intelligent Systems and Computing,
|x 2194-5357 ;
|v 513
|
| 505 |
0 |
|
|a Search and Optimisation (SO) -- Modelling and Simulation (MS) -- Analysis and Detection (AD) -- Cognition and Control (CC) -- Learning and Evolution (LE) -- Clustering and Regression (CR).
|
| 520 |
|
|
|a The book is a timely report on advanced methods and applications of computational intelligence systems. It covers a long list of interconnected research areas, such as fuzzy systems, neural networks, evolutionary computation, evolving systems and machine learning. The individual chapters are based on peer-reviewed contributions presented at the 16th Annual UK Workshop on Computational Intelligence, held on September 7-9, 2016, in Lancaster, UK. The book puts a special emphasis on novels methods and reports on their use in a wide range of applications areas, thus providing both academics and professionals with a comprehensive and timely overview of new trends in computational intelligence.
|
| 650 |
|
0 |
|a Engineering.
|
| 650 |
|
0 |
|a Artificial intelligence.
|
| 650 |
|
0 |
|a Image processing.
|
| 650 |
|
0 |
|a Computational intelligence.
|
| 650 |
|
0 |
|a Control engineering.
|
| 650 |
1 |
4 |
|a Engineering.
|
| 650 |
2 |
4 |
|a Computational Intelligence.
|
| 650 |
2 |
4 |
|a Image Processing and Computer Vision.
|
| 650 |
2 |
4 |
|a Control.
|
| 650 |
2 |
4 |
|a Artificial Intelligence (incl. Robotics).
|
| 700 |
1 |
|
|a Angelov, Plamen.
|e editor.
|
| 700 |
1 |
|
|a Gegov, Alexander.
|e editor.
|
| 700 |
1 |
|
|a Jayne, Chrisina.
|e editor.
|
| 700 |
1 |
|
|a Shen, Qiang.
|e editor.
|
| 710 |
2 |
|
|a SpringerLink (Online service)
|
| 773 |
0 |
|
|t Springer eBooks
|
| 776 |
0 |
8 |
|i Printed edition:
|z 9783319465616
|
| 830 |
|
0 |
|a Advances in Intelligent Systems and Computing,
|x 2194-5357 ;
|v 513
|
| 856 |
4 |
0 |
|u http://dx.doi.org/10.1007/978-3-319-46562-3
|z Full Text via HEAL-Link
|
| 912 |
|
|
|a ZDB-2-ENG
|
| 950 |
|
|
|a Engineering (Springer-11647)
|